000 00613nam a2200205 a 4500
001 18988
003 CO-ViMGA
008 141112s2004 ck r 000 u spa d
020 _a848876335
040 _aCO-ViMGA
_bspa
_cCO-ViMGA
082 0 4 _a610.73 A741q
100 1 _aArribas Marín, Juan Manuel (et al.)
_927173
245 1 0 _a500 test comentados de fundamentos de enfermería
260 _aMadrid :
_bOlalla Ediciones; 1997
300 _a133 p.
490 _aAutoevaluación en enfermería
590 _aForma de adquisición : Proyecto 2005 - - Precio : 39.600
650 1 4 _aENFERMERIA
942 _2ddc
_cBK
999 _c28178
_d28178